| 000 | 00565nam a2200157Ia 4500 | ||
|---|---|---|---|
| 003 | GCL | ||
| 008 | 140319s9999 xx 000 0 ara d | ||
| 040 |
_aGCL / _cGCL |
||
| 082 | 0 | 4 |
_a230 _bاك |
| 100 | 1 | _aابى الفرج عبدالرحمن بن على | |
| 245 | 1 | 0 |
_aكتاب الحدائق فى علم الحديث والزهديات / _cابى الفرج عبدالرحمن بن على |
| 260 |
_a[S.N] : _bدار الكتب العلمية للنشر والتوزيع ، _c1988 |
||
| 490 | _a | ||
| 650 | 0 | 4 | _aعلم رواية الحديث |
| 942 |
_2ddc _cBK |
||
| 999 |
_c53277 _d53277 |
||